[Event "35. Abierto Ciudad de Sevilla 2010"]
[Site "Sevilla ESP"]
[Date "2010.01.09"]
[Round "2.19"]
[White "Fernandez Ruiz, Manuel"]
[Black "Fernandez Romero, Ernesto"]
[Result "0-1"]
[WhiteElo "2062"]
[BlackElo "2458"]
[PlyCount "61"]
[EventDate "2010.01.08"]
[EventType "swiss"]
[EventRounds "9"]
[EventCountry "ESP"]
[Source "lmi"]
[SourceDate "2010.01.08"]

1. d4 Nf6 2. c4 c5 3. Nf3 cxd4 4. Nxd4 g6 5. g3 Bg7 6. Bg2 O-O 7. Nc3 Nc6 8.
O-O Ng4 9. e3 d6 10. b3 Nxd4 11. exd4 Nh6 12. Bxh6 Bxh6 13. Qe2 Bg7 14. Rad1
Rb8 15. Rfe1 Re8 16. Qf3 Bd7 17. Nd5 Bc6 18. Qd3 a6 19. Ne3 Rc8 20. Bh3 Rc7 21.
a4 Qb8 22. d5 Bd7 23. Bxd7 Rxd7 24. Re2 b5 25. axb5 axb5 26. cxb5 Rb7 27. Nc4
Rxb5 28. Re3 Bf6 29. Rf3 Kg7 30. Rxf6 Rxb3 31. Rxf7+ 0-1

[Event "35. Abierto Ciudad de Sevilla 2010"]
[Site "Sevilla ESP"]
[Date "2010.01.09"]
[Round "2.20"]
[White "Berbatov, Kiprian"]
[Black "Gaitan Ramirez, Alfonso"]
[Result "1-0"]
[WhiteElo "2455"]
[BlackElo "2038"]
[PlyCount "105"]
[EventDate "2010.01.08"]
[EventType "swiss"]
[EventRounds "9"]
[EventCountry "ESP"]
[Source "lmi"]
[SourceDate "2010.01.08"]

1. e4 e6 2. d4 d5 3. Nd2 dxe4 4. Nxe4 Nd7 5. Nf3 Ngf6 6. Nxf6+ Nxf6 7. Bg5 c5
8. Bb5+ Bd7 9. Bxd7+ Qxd7 10. Qe2 cxd4 11. O-O-O Bc5 12. Qe5 Qe7 13. Nxd4 O-O
14. Rhe1 Bxd4 15. Rxd4 Rfc8 16. Bxf6 gxf6 17. Rg4+ Kh8 18. Qf4 Rg8 19. Rg3 Rg6
20. Ree3 Rxg3 21. Rxg3 Rg8 22. Rxg8+ Kxg8 23. Qb8+ Kg7 24. Qxa7 Qc7 25. g3 Qc6
26. b3 Qh1+ 27. Kb2 Qxh2 28. a4 Qg2 29. Qc5 Qe4 30. a5 f5 31. c4 e5 32. Ka3 f4
33. g4 f6 34. Qc8 Qh1 35. c5 Qa1+ 36. Kb4 Qe1+ 37. Kb5 Qf1+ 38. Kb6 Qa6+ 39.
Kc7 Qxa5+ 40. Kxb7 Qb5+ 41. Ka8 Qa5+ 42. Kb8 Kg6 43. Qf5+ Kg7 44. Qd7+ Kg6 45.
c6 Qb6+ 46. Kc8 Qxb3 47. c7 Qg8+ 48. Kb7 Qb3+ 49. Kc6 Qc4+ 50. Kd6 Qb4+ 51. Ke6
Qc4+ 52. Ke7 Qf7+ 53. Kd8 1-0

[Event "35. Abierto Ciudad de Sevilla 2010"]
[Site "Sevilla ESP"]
[Date "2010.01.10"]
[Round "3.1"]
[White "Hamdouchi, Hicham"]
[Black "Saravanan, V."]
[Result "1/2-1/2"]
[WhiteElo "2601"]
[BlackElo "2356"]
[PlyCount "72"]
[EventDate "2010.01.08"]
[EventType "swiss"]
[EventRounds "9"]
[EventCountry "ESP"]
[Source "lmi"]
[SourceDate "2010.01.08"]

1. e4 e5 2. Nf3 Nc6 3. Nc3 Nf6 4. Bb5 Bb4 5. O-O O-O 6. d3 d6 7. Bg5 Bxc3 8.
bxc3 Qe7 9. Re1 Nd8 10. d4 Ne6 11. Bd2 c5 12. Rb1 Qc7 13. dxe5 dxe5 14. Bc4 Rd8
15. Qe2 h6 16. Nh4 Nf8 17. Nf5 Be6 18. Bxe6 Nxe6 19. Bc1 Rd7 20. Qf3 h5 21. h4
Rad8 22. Ng3 Qa5 23. Bg5 Nxg5 24. hxg5 Ne8 25. Qxh5 g6 26. Qh6 Qxa2 27. Nf1
Qxc2 28. Rbc1 Qa4 29. Re3 Rd3 30. Rce1 Qc6 31. Qh2 Qe6 32. Rxd3 Rxd3 33. Ne3 f5
34. exf5 gxf5 35. c4 Rd4 36. Qh3 Ng7 1/2-1/2

[Event "35. Abierto Ciudad de Sevilla 2010"]
[Site "Sevilla ESP"]
[Date "2010.01.10"]
[Round "3.2"]
[White "Cabrera Trujillo, Jorge Juan"]
[Black "Mirzoev, Azer"]
[Result "0-1"]
[WhiteElo "2384"]
[BlackElo "2594"]
[PlyCount "64"]
[EventDate "2010.01.08"]
[EventType "swiss"]
[EventRounds "9"]
[EventCountry "ESP"]
[Source "lmi"]
[SourceDate "2010.01.08"]

1. e4 e5 2. Nf3 Nc6 3. Bb5 a6 4. Ba4 Nf6 5. O-O Be7 6. Re1 b5 7. Bb3 d6 8. c3
O-O 9. h3 a5 10. d3 a4 11. Bc2 Bd7 12. Nbd2 Re8 13. Nf1 Bf8 14. Bg5 h6 15. Bd2
d5 16. Ng3 Be6 17. Qe2 Qb8 18. Nxe5 Nxe5 19. f4 dxe4 20. fxe5 exd3 21. Bxd3 Nd7
22. Bxb5 c6 23. Bd3 Qxb2 24. Reb1 Qa3 25. Qe4 g6 26. Qxc6 Nxe5 27. Qb5 Qc5+ 28.
Kh2 Nxd3 29. Qxd3 Rad8 30. Qc2 Bd6 31. Rf1 Qc7 32. Be1 h5 0-1

[Event "35. Abierto Ciudad de Sevilla 2010"]
[Site "Sevilla ESP"]
[Date "2010.01.10"]
[Round "3.4"]
[White "Spraggett, Kevin"]
[Black "Diogo, Vasco"]
[Result "1-0"]
[WhiteElo "2586"]
[BlackElo "2303"]
[PlyCount "83"]
[EventDate "2010.01.08"]
[EventType "swiss"]
[EventRounds "9"]
[EventCountry "ESP"]
[Source "lmi"]
[SourceDate "2010.01.08"]

1. c4 e5 2. Nc3 Nc6 3. g3 g6 4. Bg2 Bg7 5. d3 Nge7 6. Rb1 a5 7. a3 f5 8. e3 O-O
9. Nge2 g5 10. f4 gxf4 11. exf4 d6 12. O-O Be6 13. Nd5 Ng6 14. Be3 Nd4 15. fxe5
Nxe2+ 16. Qxe2 dxe5 17. Nc3 c6 18. Na4 Rf7 19. Kh1 f4 20. Nc5 Bf5 21. Bd2 Qd4
22. Ne4 Rd8 23. Bxa5 Qxd3 24. Rbe1 Qxe2 25. Rxe2 Rd4 26. Ree1 f3 27. Rxf3 Rxe4
28. Ref1 Re2 29. Rxf5 Rxf5 30. Rxf5 Rxb2 31. Rf1 Rc2 32. Bh3 e4 33. Bf5 Ne5 34.
Bxe4 Rxc4 35. Bf5 Ra4 36. Bb4 b6 37. Bd6 Ra8 38. Be6+ Kh8 39. Rb1 b5 40. Rc1
Bf6 41. Rc5 Re8 42. Rxe5 1-0

[Event "35. Abierto Ciudad de Sevilla 2010"]
[Site "Sevilla ESP"]
[Date "2010.01.10"]
[Round "3.7"]
[White "Vazquez Igarza, Renier"]
[Black "Diaz Castro, Sergio"]
[Result "1-0"]
[WhiteElo "2560"]
[BlackElo "2231"]
[PlyCount "79"]
[EventDate "2010.01.08"]
[EventType "swiss"]
[EventRounds "9"]
[EventCountry "ESP"]
[Source "lmi"]
[SourceDate "2010.01.08"]

1. d4 Nf6 2. c4 e6 3. Nf3 Bb4+ 4. Bd2 Bxd2+ 5. Qxd2 d5 6. Nc3 b6 7. cxd5 exd5
8. g3 O-O 9. Bg2 Bb7 10. O-O Ne4 11. Qc2 Nd7 12. Rfd1 Qe7 13. Rac1 c5 14. dxc5
Nxc3 15. Qxc3 bxc5 16. e3 Rfc8 17. Nh4 Qe6 18. Qa5 h6 19. b3 g6 20. Nf3 Qb6 21.
Qc3 a5 22. Ne5 Nxe5 23. Qxe5 Qe6 24. Qf4 a4 25. Qxh6 axb3 26. axb3 Ra2 27. Qg5
Rb2 28. Bxd5 Bxd5 29. Qxd5 Rxb3 30. Rxc5 Rxc5 31. Qxc5 Rb8 32. Qd5 Qf6 33. Qd6
Qb2 34. h4 Rc8 35. Qd4 Qb3 36. Qd5 Qa4 37. Kg2 Qg4 38. Rd4 Qe2 39. Rf4 Rf8 40.
e4 1-0

[Event "35. Abierto Ciudad de Sevilla 2010"]
[Site "Sevilla ESP"]
[Date "2010.01.10"]
[Round "3.8"]
[White "Sgnaolin, Davide"]
[Black "Matamoros Franco, Carlos"]
[Result "0-1"]
[WhiteElo "2220"]
[BlackElo "2545"]
[PlyCount "56"]
[EventDate "2010.01.08"]
[EventType "swiss"]
[EventRounds "9"]
[EventCountry "ESP"]
[Source "lmi"]
[SourceDate "2010.01.08"]

1. e4 e6 2. d4 d5 3. Nd2 Nf6 4. e5 Nfd7 5. Ngf3 c5 6. c3 Nc6 7. Bd3 h6 8. O-O
g5 9. h3 h5 10. g4 hxg4 11. hxg4 Qb6 12. Re1 cxd4 13. cxd4 Nxd4 14. Nxd4 Qxd4
15. Nb3 Qa4 16. Bxg5 Rg8 17. f4 Be7 18. Bh6 Bf8 19. Bg5 Rxg5 20. fxg5 Qf4 21.
Rc1 Qg3+ 22. Kf1 Nxe5 23. Bb5+ Bd7 24. Bxd7+ Kxd7 25. Qe2 Nd3 26. g6 Bb4 27.
Red1 fxg6 28. Qg2 Rf8+ 0-1

[Event "35. Abierto Ciudad de Sevilla 2010"]
[Site "Sevilla ESP"]
[Date "2010.01.10"]
[Round "3.9"]
[White "Lemos, Damian"]
[Black "Fernandez Troncoso, Francisco"]
[Result "1-0"]
[WhiteElo "2544"]
[BlackElo "2213"]
[PlyCount "83"]
[EventDate "2010.01.08"]
[EventType "swiss"]
[EventRounds "9"]
[EventCountry "ESP"]
[Source "lmi"]
[SourceDate "2010.01.08"]

1. d4 Nf6 2. c4 g6 3. Nc3 Bg7 4. e4 d6 5. h3 O-O 6. Bg5 Qe8 7. Bd3 e5 8. d5 Nh5
9. Nge2 f5 10. f3 Na6 11. Qd2 Nc5 12. Bc2 a5 13. Be3 b6 14. O-O-O fxe4 15. Nxe4
Nxe4 16. Bxe4 Ba6 17. Qc2 b5 18. c5 b4 19. Rhe1 a4 20. c6 Qb8 21. Qd2 Bc4 22.
Kb1 Nf6 23. Ng3 Ra5 24. Bg5 Nxd5 25. Rc1 Qb5 26. Bxd5+ Bxd5 27. Red1 Bxc6 28.
Bh6 Rf7 29. Bxg7 Rxg7 30. Qg5 Ra8 31. Rd2 Bd5 32. Qe3 c6 33. Ne4 Bxe4+ 34. Qxe4
b3 35. a3 d5 36. Qxe5 Rf7 37. Qe6 Ra6 38. h4 Qb7 39. Qe8+ Rf8 40. Qe6+ Qf7 41.
Qe2 Qf5+ 42. Ka1 1-0

[Event "35. Abierto Ciudad de Sevilla 2010"]
[Site "Sevilla ESP"]
[Date "2010.01.10"]
[Round "3.10"]
[White "Van Hoolandt, Patrick"]
[Black "Bhat Vinay, S."]
[Result "1/2-1/2"]
[WhiteElo "2207"]
[BlackElo "2540"]
[PlyCount "63"]
[EventDate "2010.01.08"]
[EventType "swiss"]
[EventRounds "9"]
[EventCountry "ESP"]
[Source "lmi"]
[SourceDate "2010.01.08"]

1. d4 d5 2. c4 e6 3. Nf3 c6 4. Qc2 Nf6 5. Bg5 dxc4 6. Qxc4 h6 7. Bxf6 Qxf6 8.
e3 Nd7 9. Nbd2 g6 10. Rc1 Bg7 11. Be2 O-O 12. O-O e5 13. b4 Qe7 14. dxe5 Nxe5
15. Nxe5 Bxe5 16. Ne4 Be6 17. Qc5 Bxh2+ 18. Kxh2 Qh4+ 19. Kg1 Qxe4 20. Bf3 Qd3
21. a4 Rfc8 22. Rfd1 Qa6 23. a5 Rd8 24. Rd4 Rxd4 25. Qxd4 Qb5 26. Rc5 Qa4 27.
Be4 Re8 28. Bc2 Qa3 29. Kh2 Bd5 30. e4 Be6 31. Bd3 a6 32. f4 1/2-1/2

[Event "35. Abierto Ciudad de Sevilla 2010"]
[Site "Sevilla ESP"]
[Date "2010.01.10"]
[Round "3.11"]
[White "Franco Ocampos, Zenon"]
[Black "Urbina Perez, Juan Antonio"]
[Result "1/2-1/2"]
[WhiteElo "2535"]
[BlackElo "2197"]
[PlyCount "115"]
[EventDate "2010.01.08"]
[EventType "swiss"]
[EventRounds "9"]
[EventCountry "ESP"]
[Source "lmi"]
[SourceDate "2010.01.08"]

1. d4 d5 2. c4 c6 3. Nf3 Nf6 4. e3 Bg4 5. h3 Bxf3 6. Qxf3 e6 7. Nc3 Nbd7 8. Bd3
Bb4 9. O-O O-O 10. Rd1 Qe7 11. Bf1 Rfe8 12. Bd2 h6 13. Qe2 Ne4 14. cxd5 cxd5
15. Nxe4 dxe4 16. Qb5 Bxd2 17. Rxd2 Nf6 18. Rc1 Rec8 19. Rdc2 Rxc2 20. Rxc2 Nd5
21. a3 a6 22. Qc4 Qd7 23. g3 Nb6 24. Qb3 Rc8 25. Rc5 Nd5 26. Qc2 Rxc5 27. dxc5
Qc7 28. g4 Qe5 29. Qb3 Qc7 30. Bg2 Nf6 31. Qb4 Nd7 32. Qxe4 Nxc5 33. Qc4 b5 34.
Qc3 Qd6 35. b4 Qd1+ 36. Kh2 Qd6+ 37. f4 Nd7 38. Bb7 Qb6 39. Bf3 Qd6 40. Kg2 Nb6
41. Kf2 Nc4 42. a4 Nb6 43. axb5 axb5 44. Ke2 Na4 45. Qd2 Qc7 46. Kf2 Nb6 47.
Qd4 Nc4 48. Ke2 Qd6 49. Qxd6 Nxd6 50. Kd3 Kf8 51. Kd4 Ke7 52. Kc5 g5 53. Bc6
Nc4 54. fxg5 hxg5 55. e4 Nd6 56. e5 Nc4 57. Be4 Nxe5 58. Kxb5 1/2-1/2

[Event "35. Abierto Ciudad de Sevilla 2010"]
[Site "Sevilla ESP"]
[Date "2010.01.10"]
[Round "3.12"]
[White "Medina Carrasco, Santiago"]
[Black "Rizouk, Aimen"]
[Result "0-1"]
[WhiteElo "2186"]
[BlackElo "2532"]
[PlyCount "98"]
[EventDate "2010.01.08"]
[EventType "swiss"]
[EventRounds "9"]
[EventCountry "ESP"]
[Source "lmi"]
[SourceDate "2010.01.08"]

1. d4 Nf6 2. c4 e6 3. Nf3 b6 4. g3 Ba6 5. b3 d5 6. Bg2 Bb4+ 7. Bd2 Be7 8. O-O
O-O 9. Qc2 c6 10. Rd1 Nbd7 11. Bf4 Rc8 12. Nc3 Nh5 13. Bc1 f5 14. a4 Bb4 15.
Na2 Bd6 16. Bd2 Nhf6 17. a5 Ne4 18. axb6 axb6 19. Nc3 Ra8 20. Bf4 Qe7 21. Nxe4
fxe4 22. Ne5 Nxe5 23. Bxe5 Bxe5 24. dxe5 Bb7 25. Qb2 Qb4 26. Bh3 Rae8 27. Ra7
Rf7 28. Ra4 Qe7 29. e3 Qg5 30. cxd5 Qh5 31. Qc2 exd5 32. e6 Rf6 33. Bg2 Rexe6
34. Ra7 Re7 35. Rd2 h6 36. Qa2 Kh7 37. Qa3 Qe5 38. Qb4 c5 39. Qb5 Qc3 40. Rxd5
Bc6 41. Rxe7 Bxb5 42. Bxe4+ Rg6 43. Rd6 Qe1+ 44. Kg2 Bf1+ 45. Kf3 Qe2+ 46. Kf4
Qg4+ 47. Ke5 Qg5+ 48. Bf5 Qxe7+ 49. Re6 Qxe6+ 0-1

[Event "35. Abierto Ciudad de Sevilla 2010"]
[Site "Sevilla ESP"]
[Date "2010.01.10"]
[Round "3.13"]
[White "Rivas Pastor, Manuel"]
[Black "Torres Maesso, Pedro"]
[Result "1-0"]
[WhiteElo "2531"]
[BlackElo "2174"]
[PlyCount "43"]
[EventDate "2010.01.08"]
[EventType "swiss"]
[EventRounds "9"]
[EventCountry "ESP"]
[Source "lmi"]
[SourceDate "2010.01.08"]

1. d4 f5 2. Nf3 Nf6 3. c4 d6 4. g3 g6 5. Bg2 Bg7 6. Nc3 O-O 7. O-O Qe8 8. d5
Na6 9. Rb1 c5 10. dxc6 bxc6 11. b4 Bd7 12. Qa4 Qc8 13. Qa5 Ng4 14. Bd2 e5 15.
h3 Nf6 16. Rfd1 e4 17. Nh2 Be6 18. Bf4 Ne8 19. Rbc1 Bxc4 20. Nxe4 d5 21. Nd2
Bxe2 22. Re1 1-0

[Event "35. Abierto Ciudad de Sevilla 2010"]
[Site "Sevilla ESP"]
[Date "2010.01.10"]
[Round "3.14"]
[White "Estrada Martinez, Cesar"]
[Black "Campora Sivori, Daniel"]
[Result "1/2-1/2"]
[WhiteElo "2182"]
[BlackElo "2483"]
[PlyCount "34"]
[EventDate "2010.01.08"]
[EventType "swiss"]
[EventRounds "9"]
[EventCountry "ESP"]
[Source "lmi"]
[SourceDate "2010.01.08"]

1. d4 Nf6 2. Nf3 e6 3. Bg5 h6 4. Bxf6 Qxf6 5. e3 c5 6. c3 Nc6 7. Nbd2 d5 8. Bb5
Bd7 9. O-O Qd8 10. Re1 Be7 11. e4 dxe4 12. Nxe4 cxd4 13. Bxc6 Bxc6 14. Nxd4 Qc7
15. Nxc6 Qxc6 16. Qe2 O-O 17. Rad1 Rad8 1/2-1/2

[Event "35. Abierto Ciudad de Sevilla 2010"]
[Site "Sevilla ESP"]
[Date "2010.01.10"]
[Round "3.16"]
[White "Melero Fidalgo, Juan De Dios"]
[Black "Starostits, Ilmars"]
[Result "0-1"]
[WhiteElo "2162"]
[BlackElo "2471"]
[PlyCount "76"]
[EventDate "2010.01.08"]
[EventType "swiss"]
[EventRounds "9"]
[EventCountry "ESP"]
[Source "lmi"]
[SourceDate "2010.01.08"]

1. d4 Nf6 2. c4 e6 3. Nf3 b6 4. e3 c5 5. Bd3 Bb7 6. O-O Be7 7. Nc3 cxd4 8. exd4
d5 9. b3 O-O 10. Bb2 Nc6 11. cxd5 Nxd5 12. Rc1 Ncb4 13. Nxd5 Qxd5 14. Bc4 Qh5
15. a3 Nd5 16. Ne5 Qg5 17. g3 f5 18. Re1 Rad8 19. Nc6 Bxc6 20. Rxe6 Rd6 21. f4
Rxe6 22. fxg5 Bxg5 23. Qf3 Bxc1 24. Bxd5 Be3+ 25. Kg2 Bxd5 26. Qxd5 Rfe8 27.
Qxf5 Rf6 28. Qd5+ Kh8 29. Bc3 Rf2+ 30. Kh3 Rc2 31. Bb4 Bg1 32. Qd7 Rxh2+ 33.
Kg4 Re4+ 34. Kf3 Re3+ 35. Kf4 Rf2+ 36. Kg4 Re4+ 37. Kg5 h6+ 38. Kh5 Kh7 0-1

[Event "35. Abierto Ciudad de Sevilla 2010"]
[Site "Sevilla ESP"]
[Date "2010.01.10"]
[Round "3.17"]
[White "Fernandez Romero, Ernesto"]
[Black "Ferrer Garcia, Isaac"]
[Result "1/2-1/2"]
[WhiteElo "2458"]
[BlackElo "2161"]
[PlyCount "94"]
[EventDate "2010.01.08"]
[EventType "swiss"]
[EventRounds "9"]
[EventCountry "ESP"]
[Source "lmi"]
[SourceDate "2010.01.08"]

1. e4 c5 2. Nc3 g6 3. Nf3 Bg7 4. d4 cxd4 5. Nxd4 Nc6 6. Be3 Nf6 7. Bc4 O-O 8.
Bb3 a5 9. O-O d6 10. f3 Nxd4 11. Bxd4 Bd7 12. a4 Bc6 13. Kh1 Nd7 14. Bxg7 Kxg7
15. Bc4 Qb6 16. Bb5 Qc5 17. Ra3 Nf6 18. Qd2 Rfc8 19. Rb3 Qa7 20. Be2 Bd7 21. f4
Be6 22. Rb5 Bc4 23. Rg5 Bxe2 24. Qxe2 Qd4 25. Rd1 Qc4 26. Qf3 d5 27. Nxd5 Qxe4
28. Nxf6 Qxf3 29. Ne8+ Kf8 30. gxf3 Kxe8 31. c3 b6 32. Rb5 Rc6 33. f5 Rd8 34.
Rxd8+ Kxd8 35. fxg6 hxg6 36. Kg2 Kc7 37. Re5 Kd6 38. Re4 Rc5 39. Kg3 f5 40. Rh4
Ke5 41. Rh8 Kd5 42. Rb8 Rc6 43. b3 e5 44. Rd8+ Ke6 45. Re8+ Kd5 46. Rd8+ Ke6
47. Re8+ Kd5 1/2-1/2

[Event "35. Abierto Ciudad de Sevilla 2010"]
[Site "Sevilla ESP"]
[Date "2010.01.10"]
[Round "3.19"]
[White "Komljenovic, Davorin"]
[Black "Weber, Francois"]
[Result "1-0"]
[WhiteElo "2431"]
[BlackElo "2149"]
[PlyCount "90"]
[EventDate "2010.01.08"]
[EventType "swiss"]
[EventRounds "9"]
[EventCountry "ESP"]
[Source "lmi"]
[SourceDate "2010.01.08"]

1. d4 e6 2. Nf3 f5 3. g3 Nf6 4. Bg2 d5 5. O-O Bd6 6. b3 Qe7 7. Bb2 O-O 8. Qc1
b5 9. c4 c6 10. a4 bxc4 11. bxc4 Ba6 12. Ne5 Rc8 13. c5 Bxe5 14. dxe5 Ne4 15.
Bxe4 fxe4 16. Re1 Nd7 17. Bd4 Rf8 18. Qc3 Qd8 19. Nd2 Rb8 20. f3 exf3 21. exf3
Rb7 22. f4 Qe7 23. Nb3 Qf7 24. Na5 Rc7 25. h4 Qf5 26. Kh2 Rb8 27. Ra3 Rb1 28.
Rxb1 Qxb1 29. Ra1 Qg6 30. Rd1 h5 31. Rd2 Qg4 32. Rb2 Qf5 33. Rd2 Qg4 34. Qe3
Qf5 35. Qf3 Rc8 36. Bg1 g6 37. Qc3 Bf1 38. Bd4 Qh3+ 39. Kg1 Ba6 40. Qf3 Kg7 41.
Rh2 Qf5 42. Rb2 Rc7 43. Kh2 Kf7 44. Qe3 Ke7 45. Bc3 Bf1 1-0

[Event "35. Abierto Ciudad de Sevilla 2010"]
[Site "Sevilla ESP"]
[Date "2010.01.11"]
[Round "4.1"]
[White "Mirzoev, Azer"]
[Black "Rivas Pastor, Manuel"]
[Result "1/2-1/2"]
[WhiteElo "2594"]
[BlackElo "2531"]
[PlyCount "86"]
[EventDate "2010.01.08"]
[EventType "swiss"]
[EventRounds "9"]
[EventCountry "ESP"]
[Source "lmi"]
[SourceDate "2010.01.08"]

1. d4 Nf6 2. Nf3 e6 3. c4 d5 4. e3 c5 5. Nc3 Nc6 6. a3 a6 7. dxc5 Bxc5 8. b4
Bd6 9. cxd5 exd5 10. Bb2 O-O 11. Be2 Bg4 12. O-O Rc8 13. b5 Na5 14. bxa6 bxa6
15. Na4 Nc4 16. Bxf6 Qxf6 17. Qxd5 Rfd8 18. Bxc4 Be6 19. Qg5 Qxg5 20. Nxg5 Rxc4
21. Nxe6 fxe6 22. Nb2 Rc2 23. Nd3 Bxh2+ 24. Kxh2 Rxd3 25. a4 Rdd2 26. Kg3 Ra2
27. Rac1 Rxa4 28. Rc7 h5 29. Ra7 Rg4+ 30. Kf3 e5 31. g3 Ra2 32. Rh1 Rg5 33. e4
a5 34. Rd1 Rg6 35. Rdd7 Rb2 36. Ke3 Rb3+ 37. Rd3 Rxd3+ 38. Kxd3 Re6 39. Rxa5
Kf7 40. f4 Kf6 41. Ra8 g6 42. Ke3 Rb6 43. fxe5+ Kxe5 1/2-1/2

[Event "35. Abierto Ciudad de Sevilla 2010"]
[Site "Sevilla ESP"]
[Date "2010.01.11"]
[Round "4.2"]
[White "Burmakin, Vladimir"]
[Black "Pogorelov, Ruslan"]
[Result "1/2-1/2"]
[WhiteElo "2590"]
[BlackElo "2474"]
[PlyCount "120"]
[EventDate "2010.01.08"]
[EventType "swiss"]
[EventRounds "9"]
[EventCountry "ESP"]
[Source "lmi"]
[SourceDate "2010.01.08"]

1. Nf3 Nf6 2. g3 b5 3. Bg2 Bb7 4. O-O e6 5. b3 Be7 6. c4 bxc4 7. bxc4 c5 8. Nc3
d6 9. Rb1 Bc6 10. d4 cxd4 11. Nxd4 Bxg2 12. Qa4+ Nfd7 13. Kxg2 O-O 14. Ba3 Nb6
15. Qb3 Qc8 16. Ne4 Nc6 17. Nb5 Na5 18. Qf3 Naxc4 19. Nexd6 Nxd6 20. Nxd6 Qa6
21. Rfc1 Nd5 22. Nb5 Bxa3 23. Qxa3 Qxa3 24. Nxa3 Rab8 25. Nb5 a6 26. Nd4 h6 27.
Rb3 Rxb3 28. axb3 Rb8 29. Rc6 e5 30. Nf5 Rxb3 31. Rxa6 Nc3 32. Ra8+ Kh7 33. Ra7
Nxe2 34. Rxf7 Kg6 35. Rf8 Nd4 36. Ne3 Rb5 37. Ra8 Rc5 38. Ra6+ Rc6 39. Ra5 Re6
40. Ng4 Kf5 41. h3 h5 42. Ne3+ Kg6 43. Nd5 Nf5 44. f4 Ne7 45. g4 hxg4 46. hxg4
Kf7 47. f5 Rd6 48. Nxe7 Kxe7 49. g5 e4 50. Kg3 e3 51. Re5+ Kf7 52. Rxe3 Rd1 53.
Kf4 Rf1+ 54. Rf3 Rg1 55. Rf2 Re1 56. Rc2 Rf1+ 57. Ke4 Re1+ 58. Kf3 Rf1+ 59. Rf2
Rg1 60. Kf4 Re1 1/2-1/2

[Event "35. Abierto Ciudad de Sevilla 2010"]
[Site "Sevilla ESP"]
[Date "2010.01.11"]
[Round "4.3"]
[White "Starostits, Ilmars"]
[Black "Spraggett, Kevin"]
[Result "1-0"]
[WhiteElo "2471"]
[BlackElo "2586"]
[PlyCount "93"]
[EventDate "2010.01.08"]
[EventType "swiss"]
[EventRounds "9"]
[EventCountry "ESP"]
[Source "lmi"]
[SourceDate "2010.01.08"]

1. e4 c5 2. Nc3 Nc6 3. g3 g6 4. Bg2 Rb8 5. f4 Bg7 6. Nf3 b5 7. e5 b4 8. Ne4 d6
9. d4 Nxd4 10. Nxd4 cxd4 11. Qxd4 dxe5 12. Qxd8+ Kxd8 13. Be3 exf4 14. Bxa7 Rb7
15. O-O-O+ Kc7 16. Bd4 e5 17. Bc5 Bg4 18. gxf4 Bxd1 19. Rxd1 Nh6 20. Bd6+ Kc8
21. fxe5 Nf5 22. Rd5 Bh6+ 23. Kb1 Be3 24. Bh3 Rg8 25. b3 h5 26. Rd3 Ba7 27. Ng3
Rb5 28. Nxf5 gxf5 29. Bxf5+ Kb7 30. Be4+ Kc8 31. a4 bxa3 32. Ka2 Rg1 33. c4 Rc5
34. Bd5 Rf1 35. b4 Rc7 36. c5 Rf2+ 37. Kxa3 Bb8 38. Bxc7 Bxc7 39. e6 fxe6 40.
Bxe6+ Kb8 41. h3 Re2 42. Bd5 Bf4 43. Bf3 Bc1+ 44. Ka4 Ra2+ 45. Kb5 h4 46. Kb6
Rd2 47. c6 1-0

[Event "35. Abierto Ciudad de Sevilla 2010"]
[Site "Sevilla ESP"]
[Date "2010.01.11"]
[Round "4.5"]
[White "Hickl, Joerg"]
[Black "Komljenovic, Davorin"]
[Result "1/2-1/2"]
[WhiteElo "2572"]
[BlackElo "2431"]
[PlyCount "79"]
[EventDate "2010.01.08"]
[EventType "swiss"]
[EventRounds "9"]
[EventCountry "ESP"]
[Source "lmi"]
[SourceDate "2010.01.08"]

1. g3 g6 2. Bg2 Bg7 3. c4 e6 4. Nf3 d5 5. O-O Ne7 6. Na3 O-O 7. Rb1 c5 8. d3
Nbc6 9. Bd2 e5 10. cxd5 Nxd5 11. Qa4 Ndb4 12. Rfc1 Qe7 13. Nc4 Bd7 14. Qa3 b6
15. Bxb4 Nxb4 16. Ne1 Bc6 17. Bxc6 Nxc6 18. e3 Rad8 19. Qa4 Nb4 20. Rd1 Qb7 21.
Qb3 b5 22. a3 bxc4 23. dxc4 e4 24. axb4 cxb4 25. Nc2 a5 26. Nd4 Qb6 27. Nb5
Rxd1+ 28. Rxd1 Rd8 29. Rxd8+ Qxd8 30. c5 Qd3 31. Qa4 Bxb2 32. Nd6 Kg7 33. Kg2
Be5 34. Qd7 Bxd6 35. cxd6 Qd1 36. Qc7 Qf3+ 37. Kg1 b3 38. Qxa5 Qd1+ 39. Kg2
Qxd6 40. Qc3+ 1/2-1/2

[Event "35. Abierto Ciudad de Sevilla 2010"]
[Site "Sevilla ESP"]
[Date "2010.01.11"]
[Round "4.8"]
[White "Ivanov, Jordan"]
[Black "Lemos, Damian"]
[Result "0-1"]
[WhiteElo "2409"]
[BlackElo "2544"]
[PlyCount "84"]
[EventDate "2010.01.08"]
[EventType "swiss"]
[EventRounds "9"]
[EventCountry "ESP"]
[Source "lmi"]
[SourceDate "2010.01.08"]

1. d4 Nf6 2. c4 g6 3. Nc3 Bg7 4. e4 d6 5. Nf3 O-O 6. h3 e5 7. d5 Na6 8. Bg5 Qe8
9. g4 Nd7 10. Rg1 Kh8 11. Be2 Ndc5 12. Qd2 Bd7 13. O-O-O Ba4 14. Rde1 Nb4 15.
Kb1 Bc2+ 16. Ka1 Bxe4 17. Bd1 Bxf3 18. Bxf3 Nbd3 19. Re3 f6 20. Rxd3 Nxd3 21.
Qxd3 fxg5 22. Ne4 Qe7 23. Be2 c6 24. Rd1 Rad8 25. Qa3 a6 26. f3 c5 27. Qa5 b5
28. cxb5 axb5 29. Qxb5 Qa7 30. Qc4 Rb8 31. Qc3 Rb4 32. Bc4 Qa4 33. b3 Qa7 34.
Rd3 Rbb8 35. Kb1 Qe7 36. Qa5 Ra8 37. Qb6 Rfd8 38. a4 Bf8 39. Bb5 Rdb8 40. Qc6
Ra7 41. Rc3 Qd8 42. Be2 Rb6 0-1

[Event "35. Abierto Ciudad de Sevilla 2010"]
[Site "Sevilla ESP"]
[Date "2010.01.11"]
[Round "4.9"]
[White "Rizouk, Aimen"]
[Black "Barrero Garcia, Carlos"]
[Result "1-0"]
[WhiteElo "2532"]
[BlackElo "2421"]
[PlyCount "87"]
[EventDate "2010.01.08"]
[EventType "swiss"]
[EventRounds "9"]
[EventCountry "ESP"]
[Source "lmi"]
[SourceDate "2010.01.08"]

1. e4 c6 2. d4 d5 3. e5 c5 4. dxc5 e6 5. Be3 Qc7 6. Nc3 Qxe5 7. Nf3 Qc7 8. Nb5
Qd8 9. Bf4 Na6 10. Qd4 f6 11. Nd6+ Bxd6 12. Bxd6 Nh6 13. Qa4+ Bd7 14. Qa3 Nf5
15. c4 d4 16. b4 e5 17. b5 Nc7 18. Bd3 Nxd6 19. cxd6 Ne6 20. c5 a6 21. bxa6 Bc6
22. Bc4 Qd7 23. O-O Nf4 24. Nxd4 exd4 25. Rfe1+ Kf8 26. Re7 Qg4 27. Rf7+ Kg8
28. Rxb7+ Kf8 29. Rf7+ Kg8 30. Ra7+ Kf8 31. Rf7+ Kg8 32. Rxf6+ Nd5 33. Rf3 g6
34. Re1 Kg7 35. h3 Qh4 36. Qd3 Rhe8 37. Rxe8 Rxe8 38. g3 Qxh3 39. Qxd4+ Kh6 40.
Qh4+ Qxh4 41. gxh4 Kh5 42. Bxd5 Bxd5 43. Re3 Rb8 44. Re5+ 1-0

[Event "35. Abierto Ciudad de Sevilla 2010"]
[Site "Sevilla ESP"]
[Date "2010.01.11"]
[Round "4.12"]
[White "Bhat Vinay, S."]
[Black "Hamdouchi, Adina-Maria"]
[Result "1-0"]
[WhiteElo "2540"]
[BlackElo "2295"]
[PlyCount "123"]
[EventDate "2010.01.08"]
[EventType "swiss"]
[EventRounds "9"]
[EventCountry "ESP"]
[Source "lmi"]
[SourceDate "2010.01.08"]

1. d4 g6 2. c4 Bg7 3. Nf3 d6 4. Nc3 Nc6 5. d5 Ne5 6. Nd2 f5 7. g3 Nf6 8. Bg2
O-O 9. O-O c5 10. dxc6 bxc6 11. b3 Rb8 12. Qc2 c5 13. Bb2 Bb7 14. Nf3 Nxf3+ 15.
exf3 f4 16. Rad1 Qd7 17. Rfe1 Rf7 18. Nd5 Nxd5 19. cxd5 Qf5 20. Qe2 Bxb2 21.
Qxb2 Re8 22. b4 cxb4 23. Qxb4 Bc8 24. Re4 g5 25. g4 Qf6 26. Rc1 h5 27. h3 hxg4
28. fxg4 Rff8 29. Rc7 Ba6 30. Re6 Qa1+ 31. Re1 Qf6 32. Re6 Qa1+ 33. Qe1 Qxe1+
34. Rxe1 f3 35. Bf1 Bxf1 36. Kxf1 Rf7 37. Rxa7 Rh7 38. Kg1 Rxh3 39. Raxe7 Rxe7
40. Rxe7 Rh4 41. Re4 Kf7 42. a4 Rh8 43. Re3 Ra8 44. Rxf3+ Kg6 45. Re3 Rxa4 46.
Re6+ Kf7 47. f3 Rf4 48. Kf2 Rf6 49. Re4 Rh6 50. Kg3 Rh8 51. Re6 Rd8 52. Kf2 Kg7
53. Ke3 Kf7 54. Ke4 Kg7 55. Kf5 Rf8+ 56. Kxg5 Rxf3 57. Rxd6 Rd3 58. Rd7+ Kf8
59. Kf6 Rf3+ 60. Kg6 Ke8 61. Rd6 Ke7 62. Re6+ 1-0